Heroes of Olympus A-Z - Statistics

General Stats
  • This quiz has been taken 57 times
  • The average score is 18 of 25
Answer Stats
# Hint Answer % Correct
F The element Leo Valdez has control over Fire
96%
G The Roman equivalent of Celestial Bronze is Imperial ____ Gold
94%
M Frank's father and the Roman equivalent of Ares Mars
92%
P The godly father of Hazel Levesque Pluto
88%
A The name of Hazel Levesque's speedy horse Arion
86%
J The Roman equivalent of the Greek goddess Hera Juno
86%
L Jason can summon this from the sky Lightning
86%
T Where Percy and Annabeth fell into at the end of the third book Tartarus
86%
V The Roman form of the goddess Aphrodite Venus
86%
W Boreas is the god of the North ____ Wind
86%
Q Mission taken by three people accompanied by a prophecy Quest
84%
Z Frank's last name Zhang
84%
H Reyna's sister and the Queen of the Amazons Hylla
82%
O Stuffed-animal murderer and the augur of Camp Jupiter Octavian
82%
I The Titan Bob's name before his memory wipe Iapetus
70%
U Anglicised version of the name of the primordial deity of the sky Uranus
68%
N Handsome young man who Echo is in love with Narcissus
66%
S What metal Nico di Angelo's sword is made out of {Stygian} Iron
66%
B Son of Iris who rescues Piper, Leo and Jason in the first book Butch
64%
K The name of Piper McLean's dagger Katoptris
56%
E The Greek goddess of discord and the daughter of Misery Eris
52%
D The friendly giant who resides in Tartarus and slays the drakon Damasen
50%
R Reyna's last name Ramírez-Arellano
48%
C The giant created specifically to oppose Hecate Clytius
34%
X Type of sword that Riptide is (Ancient Greek short sword) Xiphos
16%
No matching quizzes found
Score Distribution
Percent of People with Each Score
Percentile by Number Answered
Your Score History
You have not taken this quiz